Constructive progress (Record no. 66424)

MARC details
000 -LEADER
fixed length control field 01048cam a2200229 4500
001 - CONTROL NUMBER
control field ABS63626
008 - FIXED-LENGTH DATA ELEMENTS--GENERAL INFORMATION
fixed length control field 000000n2001 000 0 eng u
035 ## - SYSTEM CONTROL NUMBER
System control number (Sirsi) u111479
100 ## - MAIN ENTRY--PERSONAL NAME
Personal name Greeman, A.
245 ## - TITLE STATEMENT
Title Constructive progress
260 ## - PUBLICATION, DISTRIBUTION, ETC.
Date of publication, distribution, etc. 2001
490 ## - SERIES STATEMENT
Series statement Estates Gazette
Volume/sequential designation (0110) 10 March 2001, 59-61(3)
520 ## - SUMMARY, ETC.
Summary, etc. In the light of recent takeover bids by Taylor Woodrow and Persimmon, looks at the prospects of further consolidation, and mergers, among housebuilders. Details the views of a number of industry players. Many market analysts believe there will be further consolidation, resulting in fewer, larger firms. However other analysts, such as Steve Charnock at Charterhouse, are less convinced. Size is not necessarily advantageous in the housing business, whereas local knowledge is an imperative. Table.
590 ## - LOCAL NOTE (RLIN)
Local note ABS
650 ## - SUBJECT ADDED ENTRY--TOPICAL TERM
Topical term or geographic name entry element HOUSE BUILDERS
650 ## - SUBJECT ADDED ENTRY--TOPICAL TERM
Topical term or geographic name entry element CONSOLIDATION
650 ## - SUBJECT ADDED ENTRY--TOPICAL TERM
Topical term or geographic name entry element TAKEOVERS
650 ## - SUBJECT ADDED ENTRY--TOPICAL TERM
Topical term or geographic name entry element TAYLOR WOODROW
650 ## - SUBJECT ADDED ENTRY--TOPICAL TERM
Topical term or geographic name entry element PERSIMMON
690 ## - LOCAL SUBJECT ADDED ENTRY--TOPICAL TERM (OCLC, RLIN)
Topical term or geographic name as entry element BUILT ENVIRONMENT
942 ## - ADDED ENTRY ELEMENTS (KOHA)
Suppress in OPAC 0
Holdings
Withdrawn status Lost status Source of classification or shelving scheme Damaged status Not for loan Home library Current library Shelving location Date acquired Total Checkouts Full call number Barcode Date last seen Copy number Price effective from Koha item type
    Dewey Decimal Classification     London London Journal article 19/03/2001   ABS63626 111479-1001 06/08/2019 1 06/08/2019 Journal article